| 000 | 00552nam a2200169 a 4500 | ||
|---|---|---|---|
| 005 | 20210223120516.0 | ||
| 008 | 991125s1944 mx 000 0 spa u | ||
| 035 | _aUPN01000002523 | ||
| 049 | _aCG | ||
| 050 | 4 |
_aGR115 _bA53 |
|
| 245 | 0 | 0 |
_aAnalectas folklóricas de Yucatán / _ccomp. Miguel Civeira Taboada ; vocabulario de las palabras mayas Juan Cano Hernández. |
| 260 |
_aMérida : _b[s.n.], _c1944 (impr. El Ruiseñor). |
||
| 300 | _a127 p. | ||
| 650 | 4 |
_aFOLKLORE - _zYUCATAN _920884 |
|
| 700 | 1 |
_aCiveira Taboada, Miguel, _ecomp. |
|
| 905 | _aLibro | ||
| 999 |
_c2523 _d2523 |
||